Datum a čas kvízu
23.5
Celkem bodů
Celkový počet nahraných bodů na tomto kvízu bez doplňovacích otázek.
7.
Pořadí na kvízu
Konečné umístění týmu na tomto kvízu.
Zaznamenané odpovědi
| # | Otázka | Odpověď | Body | Výsledky |
|---|---|---|---|---|
| 1. | Evergreenem novoročních aktual... | 4 děti | 1 | |
| 2. | Sídlo parlamentu jisté země za... | Jihoafrická republika | 1 | |
| 3. | V Lomnici na Brněnsku koncerto... | Moravanka | 0 | |
| 4. | Ministr zdravotnictví Vlastimi... | Miroslava Kalouska | 1 | |
| 5. | Česká juniorská reprezentace b... | Rusko | 1 | |
| 6. | V tomto tématu se podíváme pod... | kryptozoologie | 1 | |
| 7. | Tento živočich byl až do roku... | okapi | 1 | |
| 8. | Olgoj chorchoj je mytický píse... | Gobi | 1 | |
| 9. | První očitá svědectví o přítom... | čupakabra | 1 | |
| 10. | Medúza je bytost z řecké mytol... | Versace | 1 |